000 00550nam a2200229Ia 4500
003 OSt
005 20220918195249.0
006 a|||||r|||| 00| 0
007 ta
008 220917b |||||||| |||| 00| 0 eng d
024 _a84,396
037 _cTextual
040 _aARTS
_cARTS
_beng
041 _2eng
_aeng
082 _aS8, K93
100 _aGoffamn Erving
_989855
245 0 _aStrategic intection
260 _c1969
650 _aSOCIAL PSYCHOLOGY
942 _hS8, K93
_cTEXL
_2CC
999 _c208110
_d208110